Statistiques concernant Culture Générale - Série 244

Cliquez ici pour prendre le quiz!

Statistiques générales

  • Ce quiz a été pris 220 fois
  • Le résultat moyen est 7 sur 10

Statistiques - réponses

QuestionRéponse% Correct
A quelle vitamine l'acide ascorbique correspond-il ?La vitamine C
99%
Quel jour de la semaine se réunit habituellement le Conseil des ministres ?Le mercredi
98%
Que mangez-vous si vous dégustez des girolles ?Des champignons
95%
De quelle partie du corps le logo "Touche pas à mon pote" a-t-il la forme ?Une main
85%
De quel pays Nehru a-t-il été Premier ministre de 1947 à 1964 ?L'Inde
79%
En 1960, sous quel sigle se sont regroupés cinq des Etats exportateurs de pétrole ?L'OPEP
77%
En 2004, quel rôle joue Diane Kruger aux côtés de Brad Pitt dans "Troie" ?Hélène
67%
Que signifie le C du sigle PAC, quand il s'agit de mesures de l'Union européenne ?Commune
63%
En 1988, quel chanteur est l'interprète du titre "Ambalaba" ?Maxime Le Forestier
32%
Quelle série met en scène les officiers à moto Jon Baker et Francis Poncherello ?Chips
31%

Distribution des résultats

Percentile par nombre de réponses

% des personnes avec chaque résultat

Votre développement - résultats

Vous n’avez pas pris ce quiz